[Event "ARM-ch 1st League 82nd"]
[Site "Yerevan"]
[Date "2021.08.23"]
[Round "12"]
[White "Gharibyan, Mamikon"]
[Black "Torosyan, Norayr"]
[Result "1/2-1/2"]
[WhiteElo "2470"]
[BlackElo "2374"]
[PlyCount "55"]
[EventDate "2021.08.11"]
[EventType "tourn"]
[EventRounds "13"]
[EventCountry "ARM"]
[EventCategory "3"]
[SourceTitle "CBM 204 Extra"]
[Source "ChessBase"]
[SourceDate "2021.11.30"]
[SourceVersion "1"]
[SourceVersionDate "2021.11.30"]
[SourceQuality "1"]

1. d4 Nf6 2. c4 g6 3. Nc3 Bg7 4. e4 d6 5. h3 0-0 6. Be3 c5 7. d5 e6 8. Nf3 Re8 9. Bd3 exd5 10. exd5 a6 11. 0-0 b5 12. cxb5 Nbd7 13. a4 Nb6 14. Bg5 axb5 15. Bxb5 Bd7 16. Bc6 Bxc6 17. dxc6 h6 18. Bf4 Nc4 19. Nb5 Nxb2 20. Qxd6 Qc8 21. Qxc5 Nd3 22. Qc4 Nxf4 23. Qxf4 Qxc6 24. Qc7 Rec8 25. Qxc6 Rxc6 26. Rfd1 Ne4 27. Ra2 Rca6 28. Re2 1/2-1/2

[Event "ARM-ch 1st League 82nd"]
[Site "Yerevan"]
[Date "2021.08.12"]
[Round "2"]
[White "Shahinyan, David"]
[Black "Torosyan, Norayr"]
[Result "1-0"]
[WhiteElo "2456"]
[BlackElo "2374"]
[PlyCount "109"]
[EventDate "2021.08.11"]
[EventType "tourn"]
[EventRounds "13"]
[EventCountry "ARM"]
[EventCategory "3"]
[SourceTitle "CBM 204 Extra"]
[Source "ChessBase"]
[SourceDate "2021.11.30"]
[SourceVersion "1"]
[SourceVersionDate "2021.11.30"]
[SourceQuality "1"]

1. c4 c5 2. Nc3 g6 3. g3 Bg7 4. Bg2 Nc6 5. Nf3 e5 6. 0-0 d6 7. a3 a5 8. d3 Nge7 9. Bg5 f6 10. Bd2 Be6 11. Ne1 0-0 12. Nd5 Bf7 13. Nxe7+ Qxe7 14. Nc2 a4 15. Ne3 Nd4 16. Nd5 Qd8 17. b4 axb3 18. e3 Nc2 19. Rb1 Rxa3 20. Bc1 Ra7 21. Rxb3 Nb4 22. Nxb4 cxb4 23. Rxb4 d5 24. cxd5 Bxd5 25. Bxd5+ Qxd5 26. e4 Qa2 27. Be3 b6 28. Qc1 Rd7 29. Rd1 f5 30. Bxb6 Qe2 31. Rd2 Qf3 32. Qc6 Rdf7 33. Rb1 h5 34. Qc4 f4 35. Qe6 Kh7 36. Bc5 Rf6 37. Qd7 R8f7 38. Qc8 g5 39. Rb6 h4 40. Qh3 Rxb6 41. Bxb6 Rf6 42. Bc5 Ra6 43. Qf5+ Kh6 44. Ra2 Rf6 45. Qh3 Rc6 46. Qd7 Qd1+ 47. Kg2 Kh5 48. f3 Rg6 49. g4+ Kh6 50. h3 Qb1 51. Ra7 Qc2+ 52. Bf2 Qb2 53. Qf7 Qb5 54. Rb7 Qxd3 55. Rb6 1-0

[Event "ARM-ch rapid"]
[Site "Yerevan"]
[Date "2020.01.23"]
[Round "7"]
[White "Torosyan, Norayr"]
[Black "Mikaelyan, Arman"]
[Result "0-1"]
[WhiteElo "2377"]
[BlackElo "2476"]
[PlyCount "66"]
[EventDate "2020.01.22"]
[EventType "swiss (rapid)"]
[EventRounds "9"]
[EventCountry "ARM"]
[SourceTitle "CBM 194 Extra"]
[Source "ChessBase"]
[SourceDate "2020.03.31"]
[SourceVersion "1"]
[SourceVersionDate "2020.03.31"]
[SourceQuality "1"]

1. e4 e5 2. Nf3 Nc6 3. Bb5 a6 4. Ba4 f5 5. d4 exd4 6. exf5 Qe7+ 7. Kf1 b5 8. Bb3 Bb7 9. a4 Nf6 10. axb5 axb5 11. Rxa8+ Bxa8 12. Na3 Qc5 13. Qe2+ Be7 14. Qxb5 Qa7 15. Kg1 Bb7 16. h3 Bxa3 17. bxa3 Ba6 18. Qa4 Ne4 19. Be6 Qb6 20. Bxd7+ Kxd7 21. Ne5+ Kd6 22. Nxc6 Qxc6 23. Qxd4+ Qd5 24. Bf4+ Kc6 25. Qxg7 Rg8 26. Qxc7+ Kb5 27. Kh2 Ka4 28. Qb6 Qb5 29. Qe3 Bb7 30. f3 Nc5 31. Bc7 Qc4 32. Rb1 Rxg2+ 33. Kh1 Re2 0-1

[Event "Tbilisi Gaprindashvili Cup"]
[Site "Tbilisi"]
[Date "2019.09.23"]
[Round "3"]
[White "Torosyan, Norayr"]
[Black "Mikaelyan, Arman"]
[Result "0-1"]
[WhiteElo "2365"]
[BlackElo "2479"]
[PlyCount "72"]
[EventDate "2019.09.21"]
[EventType "swiss"]
[EventRounds "9"]
[EventCountry "GEO"]
[SourceTitle "EXT 2020"]
[Source "ChessBase"]
[SourceDate "2019.10.17"]
[SourceVersion "1"]
[SourceVersionDate "2019.10.17"]
[SourceQuality "1"]

1. e4 c5 2. Nf3 Nc6 3. d4 cxd4 4. Nxd4 g6 5. c4 Bg7 6. Be3 Nf6 7. Nc3 0-0 8. Be2 d6 9. f3 Bd7 10. Qd2 Nxd4 11. Bxd4 a5 12. g4 Rc8 13. h4 a4 14. h5 e5 15. Be3 Be6 16. b3 axb3 17. axb3 Ne8 18. Bd3 Nc7 19. Qh2 g5 20. h6 Bf6 21. 0-0 b5 22. Nxb5 Nxb5 23. cxb5 d5 24. exd5 Qxd5 25. Rad1 Qxb3 26. Qh5 Be7 27. Bxg5 f6 28. Bh4 Rfd8 29. g5 Rxd3 30. gxf6 Bc5+ 31. Kh1 Rxd1 32. Qg5+ Kf7 33. Qg7+ Ke8 34. f7+ Bxf7 35. Qxe5+ Be6 36. Qh8+ Bf8 0-1

[Event "ARM-ch 1st League 80th"]
[Site "Yerevan"]
[Date "2019.08.26"]
[Round "8"]
[White "Hayrapetyan, Hovik"]
[Black "Torosyan, Norayr"]
[Result "1-0"]
[WhiteElo "2453"]
[BlackElo "2365"]
[PlyCount "105"]
[EventDate "2019.08.18"]
[EventType "tourn"]
[EventRounds "13"]
[EventCountry "ARM"]
[EventCategory "6"]
[SourceTitle "EXT 2020"]
[Source "ChessBase"]
[SourceDate "2019.10.17"]
[SourceVersion "1"]
[SourceVersionDate "2019.10.17"]
[SourceQuality "1"]

1. c4 c5 2. Nc3 Nc6 3. g3 g6 4. Bg2 Bg7 5. Nf3 e5 6. 0-0 Nge7 7. Ne1 d6 8. Nc2 h5 9. Rb1 h4 10. b4 Rb8 11. bxc5 dxc5 12. Ne3 b6 13. Ned5 Be6 14. d3 Qd7 15. Bg5 Bh3 16. Nxe7 Bxg2 17. Kxg2 hxg3 18. h4 Nxe7 19. Bxe7 Qxe7 20. Qa4+ Qd7 21. Qxd7+ Kxd7 22. fxg3 f5 23. e4 Ke6 24. Nd5 Bh6 25. a4 Bd2 26. Rb2 Ba5 27. Rbf2 Rbf8 28. Kh3 Rh7 29. Ne3 Rhf7 30. Nd5 Rh7 31. Kg2 Bb4 32. Rh1 Rfh8 33. Kf3 Ba5 34. Ke2 Rf7 35. Rhf1 Rhf8 36. Ke3 Rh8 37. Ke2 Rhf8 38. h5 fxe4 39. Nc7+ Ke7 40. Rxf7+ Rxf7 41. Rxf7+ Kxf7 42. hxg6+ Kxg6 43. dxe4 Kh5 44. Kf3 Kg5 45. Ne6+ Kh5 46. Nd8 b5 47. Nc6 bxa4 48. Nxa5 a3 49. Nb3 a2 50. Kg2 Kg4 51. Na1 a5 52. Nc2 a4 53. Na1 1-0

[Event "ARM-ch 1st League 80th"]
[Site "Yerevan"]
[Date "2019.08.22"]
[Round "5"]
[White "Torosyan, Norayr"]
[Black "Davtyan, Artur"]
[Result "1-0"]
[WhiteElo "2365"]
[BlackElo "2440"]
[PlyCount "51"]
[EventDate "2019.08.18"]
[EventType "tourn"]
[EventRounds "13"]
[EventCountry "ARM"]
[EventCategory "6"]
[SourceTitle "EXT 2020"]
[Source "ChessBase"]
[SourceDate "2019.10.17"]
[SourceVersion "1"]
[SourceVersionDate "2019.10.17"]
[SourceQuality "1"]

1. e4 e5 2. Nf3 Nc6 3. d4 exd4 4. Nxd4 Bc5 5. Nb3 Bb6 6. Nc3 Nf6 7. Qe2 0-0 8. Bg5 Nd4 9. Qd2 Nxb3 10. axb3 Re8 11. f3 h6 12. Bf4 d5 13. 0-0-0 d4 14. g4 Bxg4 15. Qg2 Bh5 16. Bxh6 Bg6 17. Bc4 Kf8 18. Bxf7 Kxf7 19. Rhg1 gxh6 20. Qxg6+ Ke6 21. Qf5+ Kf7 22. Nd5 Re6 23. Qg6+ Kf8 24. Qxh6+ Ke8 25. Rg8+ Nxg8 26. Qxe6+ 1-0

[Event "ARM-ch 1st League 80th"]
[Site "Yerevan"]
[Date "2019.08.20"]
[Round "3"]
[White "Torosyan, Norayr"]
[Black "Shahinyan, David"]
[Result "1/2-1/2"]
[WhiteElo "2365"]
[BlackElo "2452"]
[PlyCount "96"]
[EventDate "2019.08.18"]
[EventType "tourn"]
[EventRounds "13"]
[EventCountry "ARM"]
[EventCategory "6"]
[SourceTitle "EXT 2020"]
[Source "ChessBase"]
[SourceDate "2019.10.17"]
[SourceVersion "1"]
[SourceVersionDate "2019.10.17"]
[SourceQuality "1"]

1. e4 e6 2. d4 d5 3. Nd2 a6 4. Ngf3 c5 5. exd5 exd5 6. dxc5 Bxc5 7. Bd3 Nf6 8. Nb3 Bb6 9. Qe2+ Qe7 10. Qxe7+ Kxe7 11. 0-0 Nc6 12. Re1+ Be6 13. c3 Rhe8 14. Bf4 Rad8 15. Nfd4 Nxd4 16. Nxd4 Bxd4 17. cxd4 Ne4 18. f3 Nd6 19. g4 h6 20. Kf2 Rc8 21. Rac1 Kd7 22. Be5 f6 23. Rxc8 Nxc8 24. Bf4 Nd6 25. Rc1 Rc8 26. Rxc8 Nxc8 27. Bd2 Ke8 28. Bb4 Kf7 29. Kg3 Ne7 30. h4 Nc6 31. Bc5 g6 32. h5 gxh5 33. gxh5 Bd7 34. Bg6+ Kg7 35. Bc2 Nd8 36. Bb6 Nf7 37. Bc7 Ng5 38. a4 Be8 39. Bb3 Bc6 40. Ba2 Kf7 41. a5 Ne6 42. Bb6 Ng7 43. Kh4 Ke6 44. Bb1 Be8 45. Bc5 Nxh5 46. Bf8 Nf4 47. Bxh6 Bg6 48. Bxf4 Bxb1 1/2-1/2

[Event "EU-ch 19th"]
[Site "Batumi"]
[Date "2018.03.18"]
[Round "2"]
[White "Torosyan, Norayr"]
[Black "Janiashvili, Mariam"]
[Result "1-0"]
[WhiteElo "2371"]
[BlackElo "1987"]
[PlyCount "77"]
[EventDate "2018.03.17"]
[EventType "swiss"]
[EventRounds "11"]
[EventCountry "GEO"]
[SourceTitle "CBM 184"]
[Source "ChessBase"]
[SourceDate "2018.05.16"]
[SourceVersion "1"]
[SourceVersionDate "2018.05.16"]
[SourceQuality "1"]

1. e4 g6 2. d4 Bg7 3. Nc3 d6 4. f4 e5 5. dxe5 dxe5 6. Qxd8+ Kxd8 7. Nf3 Be6 8. Ng5 h6 9. f5 hxg5 10. fxe6 fxe6 11. Bxg5+ Bf6 12. 0-0-0+ Ke7 13. Be3 Nd7 14. Na4 Rh4 15. Nc5 Nxc5 16. Bxc5+ Ke8 17. g3 Rh7 18. Bc4 Bg5+ 19. Kb1 Nf6 20. h4 Bh6 21. Rhf1 Nd7 22. Bb4 a5 23. Bc3 Ke7 24. Rf3 Nc5 25. Bxe5 Nxe4 26. Rfd3 Nc5 27. Rd4 Bg7 28. Bxg7 Rxg7 29. c3 a4 30. b4 axb3 31. axb3 Rf7 32. b4 Na4 33. Rd7+ Ke8 34. R7d3 Ke7 35. Re1 Rf6 36. Rde3 Kf8 37. Rxe6 Nxc3+ 38. Kc2 Rf3 39. Rxg6 1-0

[Event "EU-ch 19th"]
[Site "Batumi"]
[Date "2018.03.17"]
[Round "1"]
[White "Romanov, Evgeny"]
[Black "Torosyan, Norayr"]
[Result "1-0"]
[WhiteElo "2619"]
[BlackElo "2371"]
[PlyCount "203"]
[EventDate "2018.03.17"]
[EventType "swiss"]
[EventRounds "11"]
[EventCountry "GEO"]
[SourceTitle "CBM 184"]
[Source "ChessBase"]
[SourceDate "2018.05.16"]
[SourceVersion "1"]
[SourceVersionDate "2018.05.16"]
[SourceQuality "1"]

1. d4 Nf6 2. Nf3 g6 3. Nc3 d5 4. Bf4 a6 5. e3 Bg7 6. Be2 0-0 7. h4 c5 8. dxc5 Nbd7 9. Nd2 Nxc5 10. h5 Nfe4 11. Ndxe4 Nxe4 12. Nxd5 Bxb2 13. hxg6 fxg6 14. Bc4 e6 15. Rb1 Qa5+ 16. c3 Bxc3+ 17. Ke2 Bg7 18. Qd3 Nc3+ 19. Nxc3 Qxc3 20. Qe4 Qf6 21. Rb6 Kh8 22. Rd1 Qh4 23. f3 e5 24. Qxe5 Bf5 25. Rxb7 Bf6 26. Rd6 Rae8 27. Rxf6 Qxf6 28. Qxf6+ Rxf6 29. Bh6 Be6 30. Bg7+ Kg8 31. Bxf6 Bxc4+ 32. Kf2 Bxa2 33. Rg7+ Kf8 34. Rxh7 Re6 35. Bd4 Rc6 36. g4 Bb3 37. Ra7 Bd1 38. Kg3 Be2 39. e4 Ke8 40. Kf2 Bd1 41. Ke3 Re6 42. g5 Rc6 43. f4 Bc2 44. Bf6 Re6 45. Be5 Rb6 46. Rc7 Bb1 47. Rc5 Kf7 48. Bc3 Re6 49. Rc4 Ke8 50. Rb4 Bc2 51. Be5 a5 52. Rb2 Rc6 53. Kd4 a4 54. Rb8+ Kf7 55. Rb7+ Ke8 56. Ra7 Rb6 57. Kd5 Rb5+ 58. Kc4 Rb6 59. Bd4 Re6 60. e5 Bb3+ 61. Kb5 Bc2 62. Ra8+ Kf7 63. Bc5 Re8 64. Ra7+ Kg8 65. Bd6 Bb3 66. Kc6 Be6 67. Rxa4 Bf5 68. Ra7 Be6 69. Be7 Bf5 70. Kd5 Kf7 71. Kd6 Bg4 72. Bf6+ Kf8 73. Rh7 Bf5 74. Be7+ Kg8 75. Rh6 Kf7 76. Rh7+ Kg8 77. Rh2 Kf7 78. Bf6 Re6+ 79. Kc7 Re8 80. Rh7+ Kg8 81. Rg7+ Kf8 82. Kd6 Re6+ 83. Kd5 Re8 84. Ra7 Be6+ 85. Kd6 Bf5 86. Bg7+ Kg8 87. Bh6 Re6+ 88. Kc5 Re8 89. Rg7+ Kh8 90. Rf7 Ra8 91. Rf6 Ra5+ 92. Kb6 Ra8 93. Kb7 Re8 94. Kc7 Re6 95. Rxe6 Bxe6 96. Kd6 Bc4 97. Ke7 Kg8 98. e6 Bb5 99. Kf6 Be8 100. Bg7 Kh7 101. Ke7 Bb5 102. Kf8 1-0

[Event "Tbilisi Gaprindashvili Cup"]
[Site "Tbilisi"]
[Date "2017.11.18"]
[Round "6"]
[White "Torosyan, Norayr"]
[Black "Quparadze, Giga"]
[Result "0-1"]
[WhiteElo "2393"]
[BlackElo "2515"]
[PlyCount "192"]
[EventDate "2017.11.13"]
[EventType "swiss"]
[EventRounds "9"]
[EventCountry "GEO"]
[SourceTitle "CBM 181 Extra"]
[Source "ChessBase"]
[SourceDate "2017.12.12"]
[SourceVersion "1"]
[SourceVersionDate "2017.12.12"]
[SourceQuality "1"]

1. e4 c5 2. Nf3 e6 3. d4 cxd4 4. Nxd4 a6 5. Nc3 b5 6. Bd3 Qb6 7. Nf3 Nc6 8. 0-0 Qb8 9. Bg5 Bd6 10. Bh4 Nge7 11. Bg3 Bxg3 12. hxg3 Ng6 13. Qd2 h5 14. Qg5 Bb7 15. Rfe1 Nce5 16. Nxe5 Qxe5 17. Qxe5 Nxe5 18. Rad1 Rc8 19. a3 Ke7 20. Bf1 h4 21. gxh4 Rxh4 22. f3 g5 23. Kf2 Ng6 24. Rd2 g4 25. Red1 Bc6 26. Ke3 gxf3 27. gxf3 Ne5 28. Be2 Rg8 29. Rf1 Rg3 30. Rdd1 Rhh3 31. Rg1 Nc4+ 32. Bxc4 Rxf3+ 33. Kd4 bxc4 34. Kxc4 Rf2 35. Rc1 Bxe4 36. Nxe4 d5+ 37. Kd4 Rf4 38. Rce1 Rhh4 39. Kc5 dxe4 40. Kb6 Rf2 41. Kxa6 f5 42. b4 Rxc2 43. b5 Rh3 44. a4 Ra3 45. Ra1 Rxa1 46. Rxa1 e3 47. b6 f4 48. b7 Rb2 49. Re1 Kd6 50. Ka7 Kc5 51. a5 Kd4 52. b8Q Rxb8 53. Kxb8 f3 54. a6 f2 55. Rd1+ Ke5 56. a7 e2 57. Ra1 e1Q 58. a8Q f1Q 59. Rxe1+ Qxe1 60. Qa4 Qc3 61. Qb5+ Kf6 62. Qe8 Qb4+ 63. Kc8 Qc5+ 64. Kb8 e5 65. Qh8+ Kg5 66. Qg7+ Kf4 67. Qh6+ Kg3 68. Qg5+ Kf2 69. Qd2+ Kf3 70. Qd1+ Ke4 71. Qh1+ Kd3 72. Qd1+ Kc3 73. Qc1+ Kd4 74. Qd2+ Kc4 75. Qe2+ Kb4 76. Qb2+ Ka5 77. Qa2+ Kb5 78. Qb3+ Qb4 79. Qd5+ Ka4+ 80. Kc7 e4 81. Qd1+ Kb5 82. Qd7+ Kc4 83. Qe6+ Kc3 84. Qe5+ Qd4 85. Qa5+ Kd3 86. Qf5 Kd2 87. Qf4+ Kc2 88. Qh2+ Kb3 89. Kc6 e3 90. Qb8+ Kc2 91. Qh2+ Kd3 92. Qg3 Kd2 93. Qg5 Qe4+ 94. Kc5 Kc2 95. Qg8 Qe5+ 96. Kc4 Qc3+ 0-1

[Event "Yerevan op 2nd"]
[Site "Yerevan"]
[Date "2017.09.26"]
[Round "8"]
[White "Torosyan, Norayr"]
[Black "Aleksandrov, Aleksej"]
[Result "0-1"]
[WhiteElo "2404"]
[BlackElo "2580"]
[PlyCount "106"]
[EventDate "2017.09.19"]
[EventType "swiss"]
[EventRounds "9"]
[EventCountry "ARM"]
[SourceTitle "EXT 2018"]
[Source "ChessBase"]
[SourceDate "2017.10.13"]
[SourceVersion "1"]
[SourceVersionDate "2017.10.13"]
[SourceQuality "1"]

1. e4 e5 2. Nf3 Nc6 3. Bb5 a6 4. Ba4 Nf6 5. 0-0 Be7 6. d3 b5 7. Bb3 d6 8. a3 Na5 9. Ba2 c5 10. Nh4 Nc6 11. f4 0-0 12. fxe5 dxe5 13. Nf5 Bxf5 14. exf5 c4 15. Be3 e4 16. dxe4 Qxd1 17. Rxd1 Nxe4 18. Nd2 Nf6 19. Nf3 Rfe8 20. Bf2 Ne4 21. Rd5 Bf6 22. c3 Ne7 23. Rd7 Nxf5 24. Re1 Nxf2 25. Kxf2 Rxe1 26. Nxe1 Re8 27. Bb1 Ne3 28. Nf3 h5 29. Kg3 g5 30. h3 g4 31. hxg4 hxg4 32. Nd4 Be5+ 33. Kh4 g3 34. Nf5 Bf4 35. Nxg3 Nxg2+ 36. Kg4 Bxg3 37. Kxg3 Re2 38. Ra7 Ne1 39. Rxa6 Rxb2 40. Be4 Rb3 41. Kf4 Rxc3 42. Rb6 Rxa3 43. Rxb5 Nd3+ 44. Kf5 Kg7 45. Bd5 c3 46. Rb7 Ra5 47. Rxf7+ Kh6 48. Rf6+ Kh5 49. Ke4 c2 50. Bf7+ Kh4 51. Rh6+ Kg3 52. Rg6+ Kf2 53. Rf6+ Ke1 0-1

[Event "Yerevan op 2nd"]
[Site "Yerevan"]
[Date "2017.09.23"]
[Round "5"]
[White "Torosyan, Norayr"]
[Black "Poghosyan, Suren"]
[Result "1/2-1/2"]
[WhiteElo "2404"]
[BlackElo "2256"]
[PlyCount "136"]
[EventDate "2017.09.19"]
[EventType "swiss"]
[EventRounds "9"]
[EventCountry "ARM"]
[SourceTitle "CBM 180 Extra"]
[Source "ChessBase"]
[SourceDate "2017.10.06"]
[SourceVersion "1"]
[SourceVersionDate "2017.10.06"]
[SourceQuality "1"]

1. e4 e6 2. d4 c5 3. Nf3 cxd4 4. Nxd4 Nf6 5. Nc3 Nc6 6. Nxc6 bxc6 7. e5 Nd5 8. Ne4 Qc7 9. f4 Qb6 10. c4 Ne3 11. Qd3 Bb4+ 12. Bd2 Ba6 13. b3 0-0 14. Bxb4 Qxb4+ 15. Kf2 Nd5 16. Kg3 f6 17. Qd2 fxe5 18. fxe5 Rf5 19. Qxb4 Nxb4 20. Nc5 Rxe5 21. Nxd7 Rg5+ 22. Kh4 h6 23. Re1 Nc2 24. Re4 Rd8 25. Ne5 Rd1 26. Nf3 Rg6 27. g4 c5 28. Bg2 Rd6 29. Re2 Nd4 30. Nxd4 Rxd4 31. Be4 Rf6 32. Kg3 g5 33. Rhe1 Kf7 34. h3 Ke7 35. Re3 Bc8 36. R3e2 Kd6 37. Re3 Rf4 38. R3e2 Bd7 39. Bg6 a5 40. a4 Rf6 41. Be4 Kc7 42. Kh2 Rd6 43. Kg3 Rf8 44. Kh2 Rb6 45. Bc2 Bc8 46. Kg3 Bb7 47. Rf2 Rxf2 48. Kxf2 Kd6 49. Ke3 Bg2 50. Rg1 Bc6 51. Rf1 Ke7 52. Rf2 Rb8 53. Bd1 Rd8 54. Bf3 Be8 55. Rf1 Rb8 56. Bd1 Bg6 57. Rf2 Rd8 58. Bc2 Be8 59. Rf1 Rb8 60. Rf2 Bc6 61. Bd1 Rf8 62. Bf3 Be8 63. Rd2 Bg6 64. Be4 Bxe4 65. Kxe4 Rf1 66. Rd3 Rh1 67. Rf3 Rb1 68. Rd3 Rh1 1/2-1/2

[Event "ARM-ch 1st League 80th"]
[Site "Yerevan"]
[Date "2017.08.15"]
[Round "7"]
[White "Torosyan, Norayr"]
[Black "Sargsyan, Shant"]
[Result "1/2-1/2"]
[WhiteElo "2350"]
[BlackElo "2416"]
[PlyCount "101"]
[EventDate "2017.08.09"]
[EventType "tourn"]
[EventRounds "13"]
[EventCountry "ARM"]
[EventCategory "7"]
[SourceTitle "CBM 180 Extra"]
[Source "ChessBase"]
[SourceDate "2017.10.06"]
[SourceVersion "1"]
[SourceVersionDate "2017.10.06"]
[SourceQuality "1"]

1. e4 e5 2. Nf3 Nc6 3. Bb5 a6 4. Ba4 Nf6 5. 0-0 Be7 6. d3 b5 7. Bb3 d6 8. a3 0-0 9. Nc3 Na5 10. Ba2 Be6 11. d4 Bxa2 12. Rxa2 Nc6 13. d5 Nb8 14. Qd3 Nbd7 15. Be3 Qc8 16. Raa1 Ng4 17. Rad1 Nxe3 18. Qxe3 Nb6 19. b3 Qg4 20. Ne2 f5 21. exf5 Rxf5 22. Qc3 Rc8 23. h3 Qg6 24. Ng3 Rf4 25. Qc6 Qe8 26. Rfe1 Qxc6 27. dxc6 Rcf8 28. Ne2 R4f5 29. Nc3 h5 30. Re4 Rf4 31. Re2 g5 32. Ne1 Kf7 33. Nd3 Rd4 34. Nb4 Rxd1+ 35. Nxd1 Ra8 36. Nc3 Ke6 37. Rd2 g4 38. hxg4 hxg4 39. Rd1 a5 40. Nxb5 Bd8 41. Na2 a4 42. Nac3 d5 43. Re1 axb3 44. cxb3 Kf5 45. a4 d4 46. Ne4 Nd5 47. Ng3+ Kf6 48. Nh5+ Kf5 49. Ng3+ Kf6 50. Nh5+ Kf5 51. Ng3+ 1/2-1/2

[Event "ARM-ch 1st League 80th"]
[Site "Yerevan"]
[Date "2017.08.14"]
[Round "6"]
[White "Hakobyan, Aram"]
[Black "Torosyan, Norayr"]
[Result "1/2-1/2"]
[WhiteElo "2466"]
[BlackElo "2350"]
[PlyCount "184"]
[EventDate "2017.08.09"]
[EventType "tourn"]
[EventRounds "13"]
[EventCountry "ARM"]
[EventCategory "7"]
[SourceTitle "CBM 180 Extra"]
[Source "ChessBase"]
[SourceDate "2017.10.06"]
[SourceVersion "1"]
[SourceVersionDate "2017.10.06"]
[SourceQuality "1"]

1. e4 e5 2. Nf3 Nc6 3. Bb5 a6 4. Ba4 Nf6 5. 0-0 Nxe4 6. d4 b5 7. Bb3 d5 8. dxe5 Be6 9. Be3 Be7 10. Nbd2 Qd7 11. c3 0-0 12. Bc2 Nxd2 13. Qxd2 Bg4 14. Qd3 g6 15. Bh6 Rfe8 16. Rfe1 Bf8 17. Bxf8 Kxf8 18. a4 Rad8 19. axb5 axb5 20. h3 Bxf3 21. Qxf3 Rxe5 22. Rxe5 Nxe5 23. Qf6 Qd6 24. Qh8+ Ke7 25. Qxh7 Qf6 26. Qh6 g5 27. Qh5 Rh8 28. Qe2 c6 29. Qe3 Kf8 30. Rf1 Qf4 31. Qxf4 gxf4 32. Re1 f6 33. Ra1 Ke7 34. Kf1 Ke6 35. Ra7 f5 36. Ra6 Kf6 37. Ke2 Kg5 38. Kf1 f3 39. Ra7 fxg2+ 40. Kxg2 Kf4 41. Rg7 c5 42. Rg3 d4 43. cxd4 cxd4 44. Rb3 Rg8+ 45. Kf1 Nf3 46. Rxb5 Rg1+ 47. Ke2 Re1+ 48. Kd3 Rh1 49. Kc4 d3 50. Bxd3 Ne5+ 51. Kc3 Nxd3 52. Kxd3 Rxh3+ 53. Ke2 Rh1 54. Rb4+ Ke5 55. Ke3 Re1+ 56. Kf3 Rf1 57. Rb5+ Kf6 58. Rc5 Rb1 59. Rc2 Kg5 60. Ke3 Kg4 61. Rc4+ Kg5 62. Rb4 Re1+ 63. Kf3 Rd1 64. Rb8 Rb1 65. Rb6 Re1 66. Rb7 Rb1 67. Rb8 Re1 68. Kg3 Rg1+ 69. Kf3 Re1 70. Rg8+ Kf6 71. b4 Rb1 72. Rb8 Kg5 73. Ke3 Rb3+ 74. Kd4 Kf4 75. Kc5 Rb2 76. b5 Rxf2 77. b6 Rc2+ 78. Kd6 Rd2+ 79. Kc6 Rc2+ 80. Kb7 Kf3 81. Rc8 Rb2 82. Rc5 f4 83. Kc6 Kg2 84. Rg5+ Kh3 85. b7 f3 86. Rf5 Kg2 87. Rg5+ Kh3 88. Rf5 Kg2 89. Kc7 Rxb7+ 90. Kxb7 f2 91. Ka8 f1Q 92. Rxf1 Kxf1 1/2-1/2

[Event "ARM-ch 1st League 80th"]
[Site "Yerevan"]
[Date "2017.08.11"]
[Round "3"]
[White "Danielyan, Vahe"]
[Black "Torosyan, Norayr"]
[Result "1/2-1/2"]
[WhiteElo "2344"]
[BlackElo "2350"]
[PlyCount "58"]
[EventDate "2017.08.09"]
[EventType "tourn"]
[EventRounds "13"]
[EventCountry "ARM"]
[EventCategory "7"]
[SourceTitle "CBM 180 Extra"]
[Source "ChessBase"]
[SourceDate "2017.10.06"]
[SourceVersion "1"]
[SourceVersionDate "2017.10.06"]
[SourceQuality "1"]

1. d4 Nf6 2. Bg5 e6 3. Nc3 h6 4. Bxf6 Qxf6 5. e4 Bb4 6. Qd3 d5 7. e5 Qd8 8. 0-0-0 c5 9. f4 c4 10. Qe3 Qa5 11. Nge2 b5 12. f5 Bxc3 13. bxc3 Qxa2 14. g4 Nc6 15. Kd2 Na5 16. Nc1 Qb2 17. f6 g6 18. h4 Bd7 19. Bg2 Nb3+ 20. Nxb3 cxb3 21. Qd3 Qxc2+ 22. Qxc2 bxc2 23. Ra1 a5 24. Kxc2 Kd8 25. Rhb1 Kc7 26. Bf1 Rhb8 27. Bd3 Bc6 28. h5 g5 29. Rb2 Ra7 1/2-1/2

[Event "Yerevan Asrian Memorial 10th"]
[Site "Yerevan"]
[Date "2017.06.23"]
[Round "3"]
[White "Bortnyk, Olexandr"]
[Black "Torosyan, Norayr"]
[Result "1-0"]
[WhiteElo "2580"]
[BlackElo "2366"]
[PlyCount "61"]
[EventDate "2017.06.21"]
[EventType "swiss"]
[EventRounds "9"]
[EventCountry "ARM"]
[SourceTitle "EXT 2018"]
[Source "ChessBase"]
[SourceDate "2017.10.13"]
[SourceVersion "1"]
[SourceVersionDate "2017.10.13"]
[SourceQuality "1"]

1. e4 e5 2. Nf3 Nc6 3. d4 exd4 4. Nxd4 Bc5 5. Be3 Qf6 6. c3 Nge7 7. Bb5 Bb6 8. 0-0 0-0 9. a4 a5 10. Nc2 Bxe3 11. Nxe3 d6 12. f4 Qh6 13. Nd2 f5 14. exf5 Bxf5 15. Nxf5 Nxf5 16. Qf3 Nce7 17. Rae1 c6 18. Bd3 Rae8 19. Nc4 d5 20. Nxa5 Qd6 21. Nxb7 Qb8 22. Nc5 Qxb2 23. Nd7 Rf7 24. Bxf5 Rxf5 25. Qe3 Rf7 26. Qe6 Qxc3 27. Ne5 Qc5+ 28. Kh1 Ref8 29. f5 d4 30. Nxf7 Rxf7 31. Rb1 1-0

[Event "ARM-ch 1st League 78th"]
[Site "Yerevan"]
[Date "2016.11.02"]
[Round "9"]
[White "Torosyan, Norayr"]
[Black "Hayrapetyan, Hovik"]
[Result "1/2-1/2"]
[WhiteElo "2386"]
[BlackElo "2468"]
[PlyCount "125"]
[EventDate "2016.10.24"]
[EventType "tourn"]
[EventRounds "13"]
[EventCountry "ARM"]
[EventCategory "7"]
[SourceTitle "CBM 175 Extra"]
[Source "ChessBase"]
[SourceDate "2016.12.12"]
[SourceVersion "1"]
[SourceVersionDate "2016.12.12"]
[SourceQuality "1"]

1. e4 c5 2. Nf3 e6 3. d4 cxd4 4. Nxd4 a6 5. Nc3 Qc7 6. Qf3 Nc6 7. Be3 Nf6 8. 0-0-0 d6 9. Nxc6 Qxc6 10. g4 b5 11. Bg2 Bb7 12. g5 Nd7 13. Bd4 Rc8 14. Qe2 Be7 15. f4 b4 16. Nd5 exd5 17. exd5 Qc4 18. Rhe1 Qxe2 19. Rxe2 Kd8 20. Bxg7 Rg8 21. Bd4 Bf8 22. Be4 Bg7 23. Bxh7 Rh8 24. Bf5 Bxd4 25. Rxd4 Rc5 26. Rxb4 Bxd5 27. Bd3 a5 28. Rd4 Kc7 29. a3 Be6 30. b4 axb4 31. axb4 Rd5 32. Rxd5 Bxd5 33. c4 Be6 34. f5 Ne5 35. fxe6 Nxd3+ 36. Kd2 Ne5 37. exf7 Nf3+ 38. Kc3 Nxg5 39. Re8 Rh3+ 40. Kb2 Nxf7 41. Re7+ Kb6 42. Rxf7 Rxh2+ 43. Kb3 Rh3+ 44. Kc2 Rg3 45. Rf5 Rg2+ 46. Kc3 Rg3+ 47. Kd4 Rb3 48. b5 Rb1 49. Rf3 Rd1+ 50. Rd3 Rc1 51. Rd2 Kb7 52. Ra2 Rd1+ 53. Ke4 Re1+ 54. Kd5 Rd1+ 55. Ke4 Re1+ 56. Kd3 Rb1 57. Kd4 Rd1+ 58. Kc3 Rc1+ 59. Kb3 d5 60. cxd5 Rc5 61. Rd2 Rxb5+ 62. Kc4 Rb1 63. d6 1/2-1/2